<?xml version="1.0" encoding="UTF-8"?>
<record
    xmlns:xsi="http://www.w3.org/2001/XMLSchema-instance"
    xsi:schemaLocation="http://www.loc.gov/MARC21/slim http://www.loc.gov/standards/marcxml/schema/MARC21slim.xsd"
    xmlns="http://www.loc.gov/MARC21/slim">

  <leader>00450nam a22001577a 4500</leader>
  <datafield tag="999" ind1=" " ind2=" ">
    <subfield code="c">8632</subfield>
    <subfield code="d">8632</subfield>
  </datafield>
  <controlfield tag="003">OSt</controlfield>
  <controlfield tag="008">200525b           ||||| |||| 00| 0 eng d</controlfield>
  <datafield tag="020" ind1=" " ind2=" ">
    <subfield code="a">9781451192063</subfield>
  </datafield>
  <datafield tag="100" ind1=" " ind2=" ">
    <subfield code="a">Lemke, David A. Williams, S. William Zito, Victoria F. Roch</subfield>
  </datafield>
  <datafield tag="245" ind1=" " ind2=" ">
    <subfield code="a">Essentials of Foye's Principles of Medicinal Chemistry</subfield>
  </datafield>
  <datafield tag="250" ind1=" " ind2=" ">
    <subfield code="a">REP</subfield>
  </datafield>
  <datafield tag="260" ind1=" " ind2=" ">
    <subfield code="a">New Delhi</subfield>
    <subfield code="b">Wolters Kluwer</subfield>
    <subfield code="c">2017</subfield>
  </datafield>
  <datafield tag="310" ind1=" " ind2=" ">
    <subfield code="a">641</subfield>
  </datafield>
  <datafield tag="650" ind1=" " ind2=" ">
    <subfield code="a">Medicinal Chemistry</subfield>
  </datafield>
  <datafield tag="942" ind1=" " ind2=" ">
    <subfield code="2">ddc</subfield>
    <subfield code="c">BK</subfield>
    <subfield code="0">1</subfield>
  </datafield>
  <datafield tag="952" ind1=" " ind2=" ">
    <subfield code="0">0</subfield>
    <subfield code="1">0</subfield>
    <subfield code="2">ddc</subfield>
    <subfield code="4">0</subfield>
    <subfield code="7">0</subfield>
    <subfield code="8">BP</subfield>
    <subfield code="a">PIET</subfield>
    <subfield code="b">PIET</subfield>
    <subfield code="c">R09</subfield>
    <subfield code="d">2020-01-08</subfield>
    <subfield code="f">IN Rupees</subfield>
    <subfield code="g">950.00</subfield>
    <subfield code="k">IN5984</subfield>
    <subfield code="l">0</subfield>
    <subfield code="o">616.0756 LEE</subfield>
    <subfield code="p">BP484</subfield>
    <subfield code="r">2020-05-25 00:00:00</subfield>
    <subfield code="v">712.50</subfield>
    <subfield code="w">2020-01-08</subfield>
    <subfield code="y">REF</subfield>
  </datafield>
  <datafield tag="952" ind1=" " ind2=" ">
    <subfield code="0">0</subfield>
    <subfield code="1">0</subfield>
    <subfield code="2">ddc</subfield>
    <subfield code="4">0</subfield>
    <subfield code="7">0</subfield>
    <subfield code="8">BP</subfield>
    <subfield code="a">PIET</subfield>
    <subfield code="b">PIET</subfield>
    <subfield code="d">2020-01-08</subfield>
    <subfield code="f">IN Rupees</subfield>
    <subfield code="g">950.00</subfield>
    <subfield code="k">IN5984</subfield>
    <subfield code="l">4</subfield>
    <subfield code="o">616.0756 LEE</subfield>
    <subfield code="p">BP485</subfield>
    <subfield code="r">2026-03-10 00:00:00</subfield>
    <subfield code="s">2026-02-25</subfield>
    <subfield code="v">712.50</subfield>
    <subfield code="w">2020-01-08</subfield>
    <subfield code="y">BK</subfield>
  </datafield>
  <datafield tag="952" ind1=" " ind2=" ">
    <subfield code="0">0</subfield>
    <subfield code="1">0</subfield>
    <subfield code="2">ddc</subfield>
    <subfield code="4">0</subfield>
    <subfield code="7">0</subfield>
    <subfield code="8">BP</subfield>
    <subfield code="a">PIET</subfield>
    <subfield code="b">PIET</subfield>
    <subfield code="d">2020-01-08</subfield>
    <subfield code="f">IN Rupees</subfield>
    <subfield code="g">950.00</subfield>
    <subfield code="k">IN5984</subfield>
    <subfield code="l">3</subfield>
    <subfield code="o">616.0756 LEE</subfield>
    <subfield code="p">BP486</subfield>
    <subfield code="r">2026-01-31 00:00:00</subfield>
    <subfield code="s">2025-09-22</subfield>
    <subfield code="v">712.50</subfield>
    <subfield code="w">2020-01-08</subfield>
    <subfield code="y">BK</subfield>
  </datafield>
</record>
